000 00469nam a2200181Ia 4500
005 20250326141522.0
008 250326s9999 xx 000 0 und d
037 _aTextbook
040 _aFMSL
_beng
_cFMSL
041 _aeng
_2eng
084 _qFMSL
100 _aLock Dennis
245 0 _aGower Handbook of quality management
_cLock Dennis
260 _aEngland
_bEngland, Gower Pub. Co.
_c1990
300 _a669p
942 _cTB
999 _c1290679
_d1290679